| 000 | 00736nam a22001937a 4500 | ||
|---|---|---|---|
| 003 | 0 | ||
| 005 | 20250115122214.0 | ||
| 008 | 160116b xxu||||| |||| 00| 0 eng d | ||
| 050 |
_aPHS RS 431.A8 _b.J26 2015 |
||
| 100 | _aJalique, Jeslin Mae M. | ||
| 245 |
_aMatricaria recutita (Chamomile) and its Anti-Bacterial Properties Against Escherichia coli _cJeslin Mae M. Jalique |
||
| 260 |
_aLas PiƱas, Philippines : _bSouthville International School and Colleges, _c2015. |
||
| 300 |
_aiii, 18 p. : _bill. ; _c28 cm. |
||
| 504 | _aIncludes bibliographical references. | ||
| 650 |
_aMedicinal plants _vPharmacology. |
||
| 650 |
_aNatural products _vPharmacological aspects. |
||
| 650 |
_aChamomile _vTherapeutic use. |
||
| 942 |
_2lcc _cPASS |
||
| 999 |
_c290409 _d290409 |
||